| 000 | 00938cam a2200253 4500 | ||
|---|---|---|---|
| 001 | ABS67109 | ||
| 008 | 031003n2003 000 0 eng u | ||
| 035 | _a(Sirsi) u123836 | ||
| 100 | _aKnutt, E. | ||
| 245 | _aAiming high: the power of floor targets to create better neighbourhoods | ||
| 260 | _c2003 | ||
| 490 |
_aRegeneration and Renewal _vSupplement September 2003, 2-7(6) (LOAN) |
||
| 520 | _aJoint publication between "Regeneration and Renewal" with the Neighbourhood Renewal Unit. Examines the 13 floor targets, a set of national baselines for services delivery. This document discusses these targets with examples drawn from Bradford City Council. | ||
| 590 | _aABS | ||
| 650 | _aCOMMUNITY DEVELOPMENT | ||
| 650 | _aHEALTH | ||
| 650 |
_aEnvironment _96238 |
||
| 650 | _aCRIME | ||
| 650 | _aHOUSING | ||
| 690 | _aREGENERATION | ||
| 700 | _aWalker, B. | ||
| 710 |
_aNeighbourhood Renewal Unit _94483 |
||
| 942 | _n0 | ||
| 999 |
_c73552 _d73552 |
||